Normal view
MARC view
- Joshi, Madhuri.A
Entry Personal Name
001 - CONTROL NUMBER
- control field: 68997
003 - CONTROL NUMBER IDENTIFIER
- control field: NUST
005 - DATE AND TIME OF LATEST TRANSACTION
- control field: 20210628204144.0
008 - FIXED-LENGTH DATA ELEMENTS
- fixed length control field: 210628|| aca||aabn | a|a d
040 ## - CATALOGING SOURCE
- Original cataloging agency: NUST
- Transcribing agency: NUST
100 ## - HEADING--PERSONAL NAME
- Personal name: Joshi, Madhuri.A
670 ## - SOURCE DATA FOUND
- Source citation: Work cat.: (NUST): Joshi, Madhuri.A, Digital image processing , an algorithmic approach, 2009
